| 000 | 00850nam a22002297a 4500 | ||
|---|---|---|---|
| 001 | 3506 | ||
| 003 | FISKH | ||
| 005 | 20240314094833.0 | ||
| 008 | 240314b cb ||||| |||| 00| 0 eng d | ||
| 040 |
_aFISK _beng _cFISK _dFISK |
||
| 082 | _a823.914 | ||
| 100 |
_aDaniels Lucy _d1934- |
||
| 245 |
_aSeal on the shore / _cLucy Daniels |
||
| 260 |
_aLondon : _bHodder Children's Books, _c1997 |
||
| 300 |
_a154 pages : _billustrations, _c20 cm |
||
| 505 | _aK | ||
| 520 | _aA summer story about Mandy Hope - it's the summer holidays and Mandy's staying with cousins Mary and Ross on the Scottish island of Jura. They discover a seal pup in distress. It's ill and abandoned and needs special care. Can Mandy win the baby seal's trust? | ||
| 521 | 8 |
_aestimates, _bLexiles |
|
| 700 | _aLucy Daniels | ||
| 942 |
_2ddc _cBK _n0 |
||
| 999 |
_c3506 _d3506 |
||